- K'inich Janaab' Pakal,
Entry Nombre Personal
001 - NUMERO DE CONTROL
- campo de control: 46129
003 - IDENTIFICADOR DE NUMERO DE CONTROL
- campo de control: DLC
005 - FECHA Y HORA DE LA ÜLTIMA TRANSACCIÓN
- campo de control: 20220905113044.0
008 - DATOS DE LONGITUD FIJA
- campo de control de longitud fija: 220905n| azannaabn |a aaa
010 ## - NÚMERO DE CONTROL DE LA BIBLIOTECA DEL CONGRESO
- Número de control LC: n 2005089841
035 ## - NUMERO DE CONTROL
- Número de control: (Uk)006352516
040 ## - FUENTE DE CATALOGACIÓN
- Agencia original de catalogación: DLC
- Lenguaje de catalogación: spa
- Description conventions: rda
- Agencia de transcripción: DLC
- Agencia que lo modifica: DLC
- Agencia que lo modifica: Uk
- Agencia que lo modifica: MX-MxUPN
046 ## - FECHAS CON CODIFICACIÓN ESPECIAL
- Fecha de nacimiento: 0603
- Fecha de muerte: 0683
100 0# - ENCABEZAMIENTO - NOMBRE PERSONAL
- Nombre personal: K'inich Janaab' Pakal,
- Fechas asociadas con el nombre: 603-683
370 ## - LUGAR ASOCIADO
- Associated country: Mexico
370 ## - LUGAR ASOCIADO
- Place of residence/headquarters: Palenque (Mexico)
374 ## - OCUPACIÓN
- Occupation: Gobernante maya
375 ## - GÉNERO
- Gender: masculino
400 0# - VEÁSE - NOMBRE DE PERSONA
- Personal name: Pakal,
- Titles and other words associated with a name: Rey maya,
- Dates associated with a name: 603-683
400 0# - VEÁSE - NOMBRE DE PERSONA
- Personal name: Janaab' Pakal,
- Dates associated with a name: 603-683
670 ## - FUENTE EN LA QUE SE LOCALIZARON DATOS
- Cita de la fuente: Janaab' Pakal de Palenque, 2004:
- Información localizada: portada (Janaab' Pakal de Palenque: vida y muerte de un Gobernante maya) pagina 9 (K'inich Janaab' Pakal)
902 ## - CATALOGADOR
- Catalogador: VAGG/050922
